000 00854nam a2200253 a 4500
001 58787
003 BD-RjUL
005 20211209080646.0
008 161219s1989 enka b 001 0 eng
020 _a0813376556 (pbk. : alk. paper)
035 _a(BD-RjUL)58911
040 _aDLC
_cDLC
_dBD-RjUL
_beng
041 _aeng
082 0 0 _a333.7909861
_223
_bDEE 1989
100 1 _aDe La Pedraja, René.
_9174770
245 1 0 _aEnergy politics in Colombia /
_cRené De La Pedraja.
260 _aLondon :
_bWestview Press,
_c1989.
300 _axi, 244 p. :
_bill. ;
_c23 cm.
504 _aIncludes bibliographical references and index.
650 0 _aEnergy policy
_zColombia.
_9174771
650 0 _aNatural resources
_xGovernment policy
_zColombia.
_9174772
942 _2ddc
_cBK
999 _c58787
_d58787